00700nam a2200229Ia 4500001001000000003000500010008004100015010001100056020002200067040000900089082001700098100002700115245011900142260002900261300001000290500004300300650002700343650002600370700002200396700003200418700002000450Para_9740CHAP220125s2007 xx 000 0 und d a208399 a978-84-315-3016-7 cCHAP aPA 635.9 M35 aMainardi Fazio, Fausta aEl Jardín :b Guía Completa /c Fausta Mainardi Fazio con la colaboración de Enrica Boffelli; Guido Sirtori aBarcelona :b De Vecchi a222 p aTraducción de: Gustau Raluy Bruguera aFlores x Jardinería aJardines x Manuales  aBoffelli, Enrica  aRaluy Bruguera, Gustau, tr. aSirtori, Guido